<?xml version="1.0" encoding="UTF-8"?>
<record
    xmlns:xsi="http://www.w3.org/2001/XMLSchema-instance"
    xsi:schemaLocation="http://www.loc.gov/MARC21/slim http://www.loc.gov/standards/marcxml/schema/MARC21slim.xsd"
    xmlns="http://www.loc.gov/MARC21/slim">

  <leader>00313nam a2200133Ia 4500</leader>
  <controlfield tag="008">191201s1994    xx            000 0 und d</controlfield>
  <datafield tag="100" ind1=" " ind2=" ">
    <subfield code="a">MILES, Leslie wc</subfield>
  </datafield>
  <datafield tag="245" ind1=" " ind2="0">
    <subfield code="a">Textile Printing</subfield>
  </datafield>
  <datafield tag="250" ind1=" " ind2=" ">
    <subfield code="a">Rep 2</subfield>
  </datafield>
  <datafield tag="260" ind1=" " ind2=" ">
    <subfield code="a">N.Delhi</subfield>
    <subfield code="b">Society of Dyers</subfield>
    <subfield code="c">1994</subfield>
  </datafield>
  <datafield tag="300" ind1=" " ind2=" ">
    <subfield code="a">339</subfield>
  </datafield>
  <datafield tag="650" ind1=" " ind2=" ">
    <subfield code="a">B.Tech(TE)</subfield>
  </datafield>
  <datafield tag="942" ind1=" " ind2=" ">
    <subfield code="2">ddc</subfield>
    <subfield code="c">BK</subfield>
  </datafield>
  <datafield tag="999" ind1=" " ind2=" ">
    <subfield code="c">3956</subfield>
    <subfield code="d">3956</subfield>
  </datafield>
  <datafield tag="952" ind1=" " ind2=" ">
    <subfield code="0">0</subfield>
    <subfield code="1">0</subfield>
    <subfield code="2">ddc</subfield>
    <subfield code="4">0</subfield>
    <subfield code="7">0</subfield>
    <subfield code="8">BTECHTE</subfield>
    <subfield code="a">PIET</subfield>
    <subfield code="b">PIET</subfield>
    <subfield code="d">2009-07-17</subfield>
    <subfield code="e">Indian International Text Book</subfield>
    <subfield code="g">65.00</subfield>
    <subfield code="k">106</subfield>
    <subfield code="l">0</subfield>
    <subfield code="p">12293</subfield>
    <subfield code="r">2019-12-04 00:00:00</subfield>
    <subfield code="w">2009-02-10</subfield>
    <subfield code="y">BK</subfield>
  </datafield>
  <datafield tag="952" ind1=" " ind2=" ">
    <subfield code="0">0</subfield>
    <subfield code="1">0</subfield>
    <subfield code="2">ddc</subfield>
    <subfield code="4">0</subfield>
    <subfield code="7">0</subfield>
    <subfield code="8">BTECHTE</subfield>
    <subfield code="a">PIET</subfield>
    <subfield code="b">PIET</subfield>
    <subfield code="d">2009-07-17</subfield>
    <subfield code="e">Indian International Text Book</subfield>
    <subfield code="g">65.00</subfield>
    <subfield code="k">106</subfield>
    <subfield code="l">0</subfield>
    <subfield code="p">12294</subfield>
    <subfield code="r">2019-12-04 00:00:00</subfield>
    <subfield code="w">2009-02-10</subfield>
    <subfield code="y">BK</subfield>
  </datafield>
  <datafield tag="952" ind1=" " ind2=" ">
    <subfield code="0">0</subfield>
    <subfield code="1">0</subfield>
    <subfield code="2">ddc</subfield>
    <subfield code="4">0</subfield>
    <subfield code="7">0</subfield>
    <subfield code="8">BTECHTE</subfield>
    <subfield code="a">PIET</subfield>
    <subfield code="b">PIET</subfield>
    <subfield code="d">2009-07-17</subfield>
    <subfield code="e">Indian International Text Book</subfield>
    <subfield code="g">65.00</subfield>
    <subfield code="k">106</subfield>
    <subfield code="l">0</subfield>
    <subfield code="p">12295</subfield>
    <subfield code="r">2019-12-04 00:00:00</subfield>
    <subfield code="w">2009-02-10</subfield>
    <subfield code="y">BK</subfield>
  </datafield>
  <datafield tag="952" ind1=" " ind2=" ">
    <subfield code="0">0</subfield>
    <subfield code="1">0</subfield>
    <subfield code="2">ddc</subfield>
    <subfield code="4">0</subfield>
    <subfield code="7">0</subfield>
    <subfield code="8">BTECHTE</subfield>
    <subfield code="a">PIET</subfield>
    <subfield code="b">PIET</subfield>
    <subfield code="d">2009-07-17</subfield>
    <subfield code="e">Indian International Text Book</subfield>
    <subfield code="g">65.00</subfield>
    <subfield code="k">106</subfield>
    <subfield code="l">0</subfield>
    <subfield code="p">12296</subfield>
    <subfield code="r">2019-12-04 00:00:00</subfield>
    <subfield code="w">2009-02-10</subfield>
    <subfield code="y">BK</subfield>
  </datafield>
  <datafield tag="952" ind1=" " ind2=" ">
    <subfield code="0">0</subfield>
    <subfield code="1">0</subfield>
    <subfield code="2">ddc</subfield>
    <subfield code="4">0</subfield>
    <subfield code="7">0</subfield>
    <subfield code="8">BTECHTE</subfield>
    <subfield code="a">PIET</subfield>
    <subfield code="b">PIET</subfield>
    <subfield code="d">2009-07-17</subfield>
    <subfield code="e">Indian International Text Book</subfield>
    <subfield code="g">65.00</subfield>
    <subfield code="k">106</subfield>
    <subfield code="l">0</subfield>
    <subfield code="p">12297</subfield>
    <subfield code="r">2019-12-04 00:00:00</subfield>
    <subfield code="w">2009-02-10</subfield>
    <subfield code="y">BK</subfield>
  </datafield>
</record>
